It looks like you're offline.
Open Library logo
additional options menu

MARC Record from Library of Congress

Record ID marc_loc_2016/BooksAll.2016.part01.utf8:43917295:961
Source Library of Congress
Download Link /show-records/marc_loc_2016/BooksAll.2016.part01.utf8:43917295:961?format=raw

LEADER: 00961cam a22002894a 4500
001 00062419
003 DLC
005 20030228145216.0
008 000809s2001 njua b 001 0 eng
010 $a 00062419
020 $a0130264652
040 $aDLC$cDLC$dDLC
042 $apcc
050 00 $aHF5415.13$b.C533 2001
082 00 $a658.7$221
100 1 $aChopra, Sunil,$d1960-
245 10 $aSupply chain management :$bstrategy, planning, and operation /$cSunil Chopra, Peter Meindl.
260 $aUpper Saddle River, N.J. :$bPrentice Hall,$cc2001.
300 $axvi, 457 p. :$bill. ;$c26 cm.
504 $aIncludes bibliographical references and indexes.
650 0 $aMarketing channels$xManagement.
650 0 $aDelivery of goods$xManagement.
650 0 $aPhysical distribution of goods$xManagement.
650 0 $aCustomer services$xManagement.
650 0 $aIndustrial procurement.
650 0 $aMaterials management.
700 1 $aMeindl, Peter,$d1970-